| 000 | 00683nam a22002537a 4500 | ||
|---|---|---|---|
| 003 | CHAP | ||
| 005 | 20220329135701.0 | ||
| 008 | 971013c19361930 r 00010 d | ||
| 010 | _a40520 | ||
| 011 | _a41492 | ||
| 035 | _a45618 | ||
| 040 | _cCHAP | ||
| 082 |
_a631.4 _bE54 |
||
| 100 | 0 | 0 |
_aEmerson, Paul. _936510 |
| 245 | _aPrinciples of soil technology | ||
| 260 |
_aNew York : _bMcMillan, _c1936 (c.1930) |
||
| 300 |
_a402 p. _b: ilus. |
||
| 590 |
_aBATCH-UPD _b10 _c20130110 _lUCH01 _h1514 |
||
| 590 |
_aCONVERSION _b10 _c20130109 _lUCH01 _h1322 |
||
| 650 | 1 | 4 |
_aSuelos. _9110191 |
| 901 | _aBK | ||
| 942 | _cLIBRO | ||
| 949 |
_a631.4 E54 _bBC _cBPA _d-104174 _eBPA _h20958 _i45618 _si |
||
| 999 |
_c40520 _d40520 |
||